00314nam a22001337a 4500003000400000008004100004020001800045082001500063100001900078245004700097250000600144260002200150300000800172OSt251104b |||||||| |||| 00| 0 eng d a9780857529121 a895.63 AOW aAOYAMA,Michiko aWhat you are looking for is in the Library a- aUKbPenguinc2023 a250